Famous Hungarian and Serbian People - Statistics

General Stats
  • This quiz has been taken 298 times
    172 since last reset
  • The average score is 11 of 24
Answer Stats
Clue Person % Correct
AC power developer Nikola Tesla
85%
Greatest male tennis player? Novak Djokovic
82%
Greatest ruler of the Huns Attila the Hun
78%
Inventor of a 3D puzzle Ernő Rubik
75%
Current Hungarian prime minister Viktor Orbán
71%
Escape stunt performer Harry Houdini
67%
Assassinated Franz Ferdinand Gavrilo Princip
66%
Greatest Hungarian footballer Ferenc Puskás
55%
Started America's most prestigious journalism prize Joseph Pulitzer
54%
9-times wedded Hollywood actress Zsa Zsa Gábor
54%
President who was indicted for crimes against humanity in Kosovo Slobodan Milošević
52%
"Hungarian Rhapsody" composer Franz Liszt
49%
Hedge fund manager frequently blamed for all the world's ills George Soros
48%
Denver Nuggets center Nikola Jokić
45%
The last king of Yugoslavia Peter II
31%
9-times tennis championwho represented Yugoslavia Monica Seles
30%
2007 Eurovision winner Marija Šerifović
29%
Resident Evil franchise lead actress Milla Jovovich
29%
Basketball player who played as center for the Lakers and Hornets Vlade Divac
27%
2008 French Open champion Ana Ivanović
24%
Founder of modern Zionism Theodor Herzl
24%
Scientist who invented loading coilsand influenced how the borders of Yugoslavia would be shaped Mihajlo Pupin
18%
Although he lost his business, his name is still in the company that Rupert Murdoch founded William Fox
18%
49ers starting quarterback who was traded to the Chiefs in 2013 Alex Smith
10%
No matching quizzes found
Score Distribution
Percent of People with Each Score
Percentile by Number Answered
Your Score History
You have not taken this quiz since the last reset